[Event "Clichy 92 IM 2022"]
[Site "Clichy"]
[Date "2022.02.24"]
[Round "6.4"]
[White "Degardin, Sylvain"]
[Black "Petrov, Martin"]
[Result "0-1"]
[WhiteElo "2291"]
[BlackElo "2542"]
[Annotator "TA"]
[PlyCount "74"]
[EventDate "2022.02.20"]
[EventType "tourn"]
[EventCountry "FRA"]
[SourceTitle "playchess.com"]
[Source "ChessBase"]
[SourceQuality "1"]

{[%evp 17,74,0,0,0,0,-12,-14,-20,0,-20,-20,-20,-20,-21,-21,-58,-56,-104,-99,-91,-94,-89,-98,-97,-89,-105,-61,-70,-56,-56,-54,-52,-53,-61,-52,-48,-53,-42,-49,-55,-37,-58,-58,-67,-61,-57,-33,-33,-42,-33,-42,-45,-43,-37,-36,-519,-448,-29967,-29962]} 1. e4 c5 2. Nf3 Nc6 3. Bb5 g6 4. O-O Bg7 5. Re1 e5 6. Bxc6 dxc6 7. d3 Qe7 8. Nbd2 Nh6 9. Nc4 {9.a3 is vanishing.} f6 10. a4 {B31: Sicilian: 2...Nc6 3 Bb5 g6.} b6 {[#]} 11. Bd2 $146 ({Predecessor:} 11. h3 Nf7 12. Be3 O-O 13. c3 Be6 14. Qc2 f5 15. exf5 gxf5 16. b3 Bd5 17. Ncd2 {1-0 (38) Wei,Y (2736)-Praggnanandhaa,R (2536) Chess.com INT 2019}) 11... O-O 12. Rb1 {The position is equal.} Be6 13. Qe2 Nf7 {[%cal Bh6f7,Bf7d8,Bd8e6][%mdl 32]} 14. b3 Nd8 15. Bc3 Bf7 16. g3 Ne6 17. b4 {[#]} (17. Qd1 $15 {is superior.}) 17... cxb4 $1 $17 18. Bxb4 c5 19. Ba3 Qd7 20. a5 b5 21. Ne3 Rfd8 ({Black should try} 21... Nd4 $17 22. Nxd4 exd4) 22. Nd5 $15 Nd4 23. Nxd4 cxd4 24. Nb4 Rac8 25. Bc1 Bf8 {Black is more active.} 26. Bd2 Rc7 27. Rb2 Rdc8 28. Rc1 Bd6 29. f3 Qe7 30. Qd1 {[#]} Rc3 $1 31. Rcb1 $1 ({Don't blunder} 31. Bxc3 $2 dxc3 32. Nd5 Bxd5 33. Rxb5 Bc6 $19) 31... Bxb4 32. Rxb4 Rxc2 {[%cal Bc3c2,Bc2h2,Bh2h6][%mdl 32]} 33. Rxb5 Qa3 $36 {[%mdl 2048] To avoid R5b2. Strongly threatening ...Qa2. Black fights for an advantage.} 34. Bh6 $1 Qa2 {( -> ...Rg2+)} 35. Qf1 {Prevents Rg2+.} Rxh2 {And now ...Rcc2 would win.} 36. Rb8 $2 {[%mdl 8192]} Rxh6 $19 {[%csl Gh6][%cal Ra2h2]} 37. Rxc8+ (37. Qg2 $19 Qe6 38. Qc2) 37... Kg7 {Weighted Error Value: White=0.49/Black=0.04 (flawless)} 0-1

[Event "Clichy 92 IM 2022"]
[Site "Clichy"]
[Date "2022.02.26"]
[Round "8.3"]
[White "Sorbe, Stephane"]
[Black "Petrov, Martin"]
[Result "0-1"]
[WhiteElo "2324"]
[BlackElo "2542"]
[Annotator "TA"]
[PlyCount "92"]
[EventDate "2022.02.20"]
[EventType "tourn"]
[EventCountry "FRA"]
[SourceTitle "playchess.com"]
[Source "ChessBase"]
[SourceQuality "1"]

{[%evp 16,92,0,-8,-9,-15,-12,-11,-14,-10,-6,-6,2,-82,-18,-106,-108,-107,-76,-85,-82,-88,-58,-66,-62,-69,-10,-79,-46,-99,-88,-107,-92,-125,-120,-131,-70,-154,-168,-158,-172,-91,-130,-258,-227,-231,-147,-479,-501,-516,-488,-522,-506,-602,-505,-440,-467,-561,-546,-564,-564,-786,-712,-1913,-1305,-1738,-1705,-1616,-3982,-4966,-4966,-3245,-2964,-5723,-4862,-4858,-3533,-4862,-4854]} 1. e4 c5 2. Nc3 Nc6 3. g3 g6 4. Bg2 Bg7 5. d3 d6 6. Be3 Rb8 7. f4 b5 {[%cal Bb7b5,Bb5b4][%mdl 32]} 8. Qd2 b4 9. Nd1 $1 a5 {B26: Closed Sicilian: 3 g3, lines with early Be3.} 10. Ne2 Nd4 11. c3 {[#]} Nxe2 $146 {The position is equal.} ({Predecessor:} 11... bxc3 12. bxc3 Nxe2 13. Qxe2 Ba6 14. O-O Nf6 15. Rc1 O-O 16. c4 Bb7 17. g4 Nd7 {0-1 (43) Niemandt,A-Duong,T Kuala Lumpur 2002}) 12. Qxe2 Nf6 {[%cal Bg8f6,Bf6g4,Bg4e3][%mdl 32]} 13. O-O Ng4 14. c4 (14. Bc1 $11) 14... O-O ({Black should try} 14... a4 $17 {next ...h5 is good for Black.} 15. e5 Nxe3 16. Qxe3 Qc7) 15. h3 (15. Bc1 $11) 15... Nxe3 $17 16. Nxe3 f5 17. Rae1 b3 18. a3 fxe4 19. dxe4 {[%cal Oe4e5]} Bd4 {Inhibits e5.} 20. Kh2 e6 {Inhibits f5.} (20... Kh8 $15) 21. Rd1 (21. e5 $1 $11 {keeps the balance.}) 21... Qe7 22. Rd2 (22. e5 $15) 22... Ba6 23. Rfd1 Qg7 24. h4 Rbe8 25. Ng4 h5 (25... e5 $1 $17 {[%cal Re5f4]} 26. fxe5 dxe5) 26. Nf2 (26. Ne3 $15) 26... e5 {[%cal Be6e5,Be5e4,Be4e3][%mdl 32] Black is more active.} 27. f5 d5 (27... gxf5 28. exf5 Rxf5 29. Nh3 $17) 28. exd5 {[%cal Of5f6]} gxf5 {[%cal Bg6f5,Bf5g4][%mdl 32]} 29. Qxh5 (29. Nh3 $17) 29... e4 $1 $19 30. Nh3 Qg4 {Really sharp!} (30... Bxc4 31. Bf1 Bxd5 32. Nf4 $17) (30... Bxb2 31. Rxb2 $1 {[%mdl 512]} Qxb2 32. Qg6+ Qg7 33. Qxa6 $14) 31. Qxg4+ {[%mdl 8192] Loses the game.} (31. Qh6 $17 Rf6 32. Qg5+ Rg6 33. Qxg4 Rxg4 34. d6) 31... fxg4 {Black is clearly winning.} 32. Nf4 {[#]} e3 $1 ({Not} 32... Bxc4 33. Bf1 e3 34. Bxc4 $15 (34. Rxd4 $2 e2 $19)) 33. Re2 ({Don't play} 33. Rxd4 cxd4 34. Bf1 {[#]} Rxf4 $1 {[%mdl 512]} 35. gxf4 e2 36. Bxe2 Rxe2+ 37. Kg3 Bxc4 38. Rxd4 Bb5 $19) 33... Bxc4 {[%cal Of8f4] And now ...Rxf4! would win.} 34. Nd3 Bb5 {[%cal Od4b2] aiming for ...Bxb2!} 35. d6 Rd8 36. Bd5+ Kh8 37. a4 Ba6 38. Ree1 Rxd6 39. Nf4 {[#]} Rxf4 $1 {[%mdl 512]} 40. gxf4 Rxd5 41. Rxe3 Bxe3 42. Rxd5 Bxf4+ 43. Kg1 Bc4 44. Rf5 Be3+ 45. Kg2 Bd4 {Hoping for ...Kg7.} 46. Rg5 Bd3 {Weighted Error Value: White=0.76/Black=0.28 (precise)} 0-1

[Event "Clichy 92 IM 2022"]
[Site "Clichy"]
[Date "2022.02.27"]
[Round "9.1"]
[White "Valles Moreno, Ivan"]
[Black "Soham Das"]
[Result "1-0"]
[WhiteElo "2401"]
[BlackElo "2330"]
[Annotator "TA"]
[PlyCount "31"]
[EventDate "2022.02.20"]
[EventType "tourn"]
[EventCountry "FRA"]
[SourceTitle "playchess.com"]
[Source "ChessBase"]
[SourceQuality "1"]

{[%evp 16,31,36,45,164,163,156,153,142,122,387,382,371,367,352,366,358,360]} 1. Nf3 d5 2. g3 Bg4 3. Bg2 c6 4. O-O Nd7 5. d4 e6 6. Nbd2 f5 7. c4 Bd6 8. Qb3 Rb8 9. Re1 Qf6 {[#] A07: Réti Opening: New York and Capablanca Systems.} ({Better is} 9... h6 $1 $14) 10. cxd5 $1 $18 cxd5 {[#]} 11. e4 $146 ({Predecessor:} 11. Qa4 Ne7 12. Ne5 b5 13. Qa6 Bxe5 14. dxe5 Nxe5 15. Nf3 Bxf3 16. exf3 N5c6 17. f4 {0-1 (31) Schebler,G (2484)-Vaganian,R (2667) Belgium 2002}) 11... fxe4 {White is clearly better.} 12. Ng5 Ne7 $2 {[%mdl 8192] [#]} (12... Qxg5 $16 13. Nxe4 Qe7 14. Nxd6+ Qxd6) 13. Ndxe4 $1 {[%mdl 512] White is winning.} dxe4 14. Nxe4 Qxd4 15. Be3 Qb4 16. Bd2 {Black got outplayed after the opening.  Weighted Error Value: White=0.04 (flawless) /Black=1.18} 1-0

[Event "Clichy 92 IM 2022"]
[Site "Clichy"]
[Date "2022.02.27"]
[Round "9.2"]
[White "Degardin, Sylvain"]
[Black "Onkoud, Abdelaziz"]
[Result "1/2-1/2"]
[WhiteElo "2291"]
[BlackElo "2317"]
[Annotator "TA"]
[PlyCount "101"]
[EventDate "2022.02.20"]
[EventType "tourn"]
[EventCountry "FRA"]
[SourceTitle "playchess.com"]
[Source "ChessBase"]
[SourceQuality "1"]

{[%evp 10,101,49,15,46,37,66,69,79,72,72,72,71,72,88,83,83,44,88,63,77,65,84,64,89,59,69,62,58,44,88,98,102,83,136,143,171,73,112,51,183,184,196,148,137,125,135,117,118,90,272,264,415,399,266,186,183,183,367,326,369,140,402,197,903,889,799,763,732,0,101,95,132,116,177,176,176,137,240,144,147,0,0,0,0,0,0,0,0,0,0,0,0,0]} 1. e4 d6 2. d4 g6 3. Nc3 Bg7 4. Be3 a6 5. Qd2 Nd7 6. Nf3 e6 {B06: Modern Defence.} 7. Bd3 h6 {To avoid Bg5} 8. O-O Ne7 {White is slightly better.} 9. Ne2 b6 10. Ng3 c5 11. c3 Qc7 12. h3 Bb7 13. Nh2 {[#]} Nf6 $146 (13... f5 $14 {feels stronger.}) ({Predecessor:} 13... f5 14. Rae1 O-O-O 15. Qe2 b5 16. a4 c4 17. Bc2 Nf6 18. axb5 axb5 19. d5 e5 20. exf5 {0-1 (41) Remizov,Y (2394)-Apryshko,G (2382) Sochi 2019}) 14. Rfe1 $16 Rd8 15. Ng4 Neg8 16. Qe2 Qc8 17. b4 Nxg4 18. hxg4 {[%cal Bh3g4,Bg4g5][%mdl 32]} Nf6 19. g5 Nd7 (19... hxg5 $14 20. Bxg5 Rd7) 20. bxc5 bxc5 21. Rab1 {[%cal Od4d5]} Qc7 (21... Kf8 $142) 22. Bxa6 Ba8 23. Bd3 (23. gxh6 $18 Bxh6 24. Bxh6 Rxh6 25. Qd2) 23... h5 24. Nf1 (24. a4 $16) 24... Ke7 (24... O-O $1 $14) 25. f4 $36 {[%mdl 2048] White is really pushing.} Kf8 26. Nh2 ({Better is} 26. f5 $18) 26... d5 $16 27. e5 Kg8 28. g4 {White is more active.} hxg4 29. Nxg4 cxd4 $2 (29... c4 $16) 30. cxd4 $18 ({Not} 30. Bxd4 Nc5 $16) 30... Nb6 (30... Rb8 {was worth a try.} 31. Rec1 Rxb1 32. Bxb1 Bc6) 31. Kg2 Nc4 32. Rh1 Rxh1 33. Rxh1 {[%cal Bb1h1,Bh1h7,Bh7h3,Bh3b3][%mdl 32]} Rb8 $2 (33... Kf8 {was called for.} 34. Bd2 Rb8) 34. Bc1 Bc6 35. Kg3 $2 (35. f5 $18 {Threatens to win with f6.} exf5 36. Nf6+ Kf8 37. Qf3) 35... Qa7 $2 {[%mdl 8192]} (35... Qa5 $16) 36. Qf2 ({Worse is} 36. Qh2 Kf8 $14) (36. Nf6+ $142 Kf8 37. Qf3) 36... Rb4 $2 (36... Ra8) 37. Nf6+ ({Inferior is} 37. Qh2 Qxd4 38. Bxc4 Qc3+ 39. Be3 Rxc4 $11) 37... Kf8 38. Rh7 Ra4 {[#]} 39. Bb1 $2 (39. Rxg7 $1 $18 {[%mdl 512]} Qa5 (39... Rxa2 40. Rg8+) 40. Rg8+ Ke7 41. Bxc4 Qc3+ 42. Be3 Qxc4 43. Qb2) 39... Qa5 (39... Qb6 $1 $11 {keeps the balance.} 40. Bd3 Qa5) 40. Kg4 $16 {[%cal Oh7g7] Rxg7! is the strong threat.} Qc3 41. Qg1 {[%cal Oh7g7]} Nd2 {[#]} (41... Bb5 $16) 42. Rh3 $1 $18 Qa5 43. Qd1 Nc4 (43... Nxb1 $16 44. Qc2 Qb5) 44. Rb3 {And now Rb8+ would win.} Qa7 {[#] To avoid Rb8+} 45. Qd3 (45. a3 $1 $16) 45... Nxe5+ $11 {The position is equal.} 46. dxe5 Qg1+ 47. Qg3 {Intending Rb8+ and mate.} Qxc1 48. Qe3 {The board is on fire.} Qd1+ $1 49. Qf3 Qg1+ 50. Qg3 Qd1+ 51. Qf3 {Weighted Error Value: White=0.44/Black=0.44} 1/2-1/2

[Event "Clichy 92 IM 2022"]
[Site "Clichy"]
[Date "2022.02.27"]
[Round "9.3"]
[White "Petrov, Martin"]
[Black "Mekhane, Adam"]
[Result "1-0"]
[WhiteElo "2542"]
[BlackElo "2318"]
[Annotator "TA"]
[PlyCount "73"]
[EventDate "2022.02.20"]
[EventType "tourn"]
[EventCountry "FRA"]
[SourceTitle "playchess.com"]
[Source "ChessBase"]
[SourceQuality "1"]

{[%evp 16,73,55,31,31,25,31,17,27,14,39,12,48,22,34,30,80,78,71,71,84,54,70,60,62,53,93,93,175,189,182,157,167,97,100,97,182,195,187,171,354,355,334,280,266,272,275,262,259,215,506,489,539,524,835,835,935,929,29989,29990]} 1. e4 {ChessBase II} c5 2. Nf3 Nc6 3. d4 cxd4 4. Nxd4 Nf6 5. Nc3 d6 6. Bg5 e6 7. Qd2 a6 8. O-O-O Bd7 {8...Bd7 is better than 8...h6.} 9. Kb1 (9. f4 {seems wilder.} h6 10. Bh4 Nxe4 11. Qe1 Nf6 12. Nf5) 9... Be7 {B67: Sicilian: Richter-Rauzer: 7...a6 8 0-0-0 Bd7, lines without 9 f4 Be7.} 10. Nxc6 Bxc6 11. f3 h6 {The position is equal.} 12. Be3 b5 13. Ne2 Qc7 14. Nd4 Bb7 15. h4 d5 (15... Nd7 $11 {remains equal.}) 16. e5 $1 $16 Nd7 (16... Qxe5 $2 17. Bf4 Qh5 18. Bd3 $18) 17. f4 Nc5 {[#]} 18. Rh3 $146 ({Predecessor:} 18. Bd3 Ne4 19. Bxe4 dxe4 20. f5 Bd5 21. fxe6 fxe6 22. Bf4 O-O 23. Rh3 Rac8 24. Rg3 {0-1 (36) Mariette,L (2311)-Lamaze,S (2121) Sautron 2019 EXT 2022 [ChessBase II]}) 18... O-O-O 19. Bg1 Kb8 {[%cal Og7g5]} 20. Qe1 g6 21. h5 Rc8 (21... gxh5 $16 22. Rxh5 Rdg8) 22. hxg6 $18 fxg6 23. a3 Qd7 (23... Ne4 $2 24. Bd3) 24. Nb3 ({White should play} 24. g4 $18) 24... Nxb3 $16 25. Rxb3 g5 {[#]} (25... Rhf8 $16) 26. f5 $1 $18 exf5 {[#]} 27. e6 $1 Qd6 (27... Qd8 28. a4 b4) 28. Bd4 {aiming for Be5.} Ka8 29. Be5 ({Not} 29. Bxh8 Rxh8 30. Be2 g4 $16) 29... Qb6 30. Bxh8 Rxh8 31. Qe5 Rf8 32. c4 {[%cal Rc4b5]} dxc4 $2 {[#]} (32... Bd6 33. e7 Re8) 33. Bxc4 $1 {[%cal Bf1c4,Bc4d3,Bd3f5][%mdl 608] Pin} Be4+ (33... Bf6 34. Qxf5) 34. Bd3 Bxg2 35. Bxf5 {Rd7 is the strong threat.} Qc6 36. Ka1 Bf3 {[#]} 37. Rxf3 $1 {[%mdl 512] Weighted Error Value: White=0.09 (flawless) /Black=0.63} 1-0

[Event "Clichy 92 IM 2022"]
[Site "Clichy"]
[Date "2022.02.27"]
[Round "9.5"]
[White "Droin, Augustin"]
[Black "Benmesbah, Natacha"]
[Result "1-0"]
[WhiteElo "2343"]
[BlackElo "2224"]
[Annotator "TA"]
[PlyCount "69"]
[EventDate "2022.02.20"]
[EventType "tourn"]
[EventCountry "FRA"]
[SourceTitle "playchess.com"]
[Source "ChessBase"]
[SourceQuality "1"]

{[%evp 17,69,25,24,20,16,16,21,22,20,14,15,8,20,22,25,0,0,0,43,0,6,8,7,17,56,10,17,10,19,3,30,32,31,46,35,37,450,435,447,446,441,441,406,407,401,381,397,395,395,383,459,459,462,437]} 1. e4 c5 2. Nf3 Nc6 3. Bb5 g6 4. Bxc6 dxc6 5. d3 Bg7 6. h3 Nf6 7. Nc3 O-O 8. Be3 b6 9. Qd2 e5 10. Bh6 {Strongly threatening Bxg7. B31: Sicilian: 2...Nc6 3 Bb5 g6.} Qd6 11. Bxg7 Kxg7 12. a4 {[%cal Ba2a4,Ba4a5][%mdl 32] The position is equal.} Ne8 13. a5 {[#] Threatens to win with axb6.} b5 14. O-O Nc7 15. Ne2 {[#]} Ne6 $146 ({Predecessor:} 15... f6 16. c3 Be6 17. Qe3 Bb3 18. d4 Ne6 19. Rfe1 c4 20. h4 h5 21. Nd2 Bc2 {½-½ (57) Moreto Quintana,A (2286)-Dorer,M (2325) ICCF email 2017}) 16. c3 Rd8 17. Rfd1 Ba6 (17... b4 $11 {feels stronger.}) 18. Ng5 (18. b4 $1 $14 {should be considered.}) 18... b4 {[%cal Rd6d3]} 19. Nxe6+ Qxe6 20. Qe3 Rd7 21. Nc1 (21. Qxc5 $14 bxc3 22. bxc3 (22. Qxc3 f6 $11)) 21... c4 $11 22. d4 ({Don't play} 22. cxb4 Rad8 23. Rd2 Rd4 $17) 22... exd4 23. Rxd4 Rad8 24. Ne2 c5 25. Rxd7 Rxd7 26. e5 Rd3 $2 {[%mdl 8192] [#] Loses the game.} ({Better is} 26... Re7 $14) 27. Nf4 $1 $18 Qc6 28. Nxd3 cxd3 29. cxb4 cxb4 {[%mdl 4096] Endgame KQR-KQB} 30. Qd4 {And now e6+ would win.} Kg8 31. Qd6 (31. Qxa7 d2 $16) 31... Qc4 32. Re1 {e6 is the strong threat.} Bc8 {Inhibits e6.} 33. b3 ({Less strong is} 33. Qd8+ Kg7 34. Qf6+ Kg8 $18) 33... Qc3 34. Re4 d2 35. Rd4 {Weighted Error Value: White=0.05 (flawless) /Black=0.41} (35. Qd8+ Kg7 36. Rd4 Qa1+ 37. Kh2 d1=Q 38. Rxd1 Qxe5+ 39. Kg1 Ba6) 1-0